Normal view
MARC view
- McTeer, Wilson
Entry Nombre Personal
001 - NUMERO DE CONTROL
- campo de control: 43531
003 - IDENTIFICADOR DE NUMERO DE CONTROL
- campo de control: MX-MxUPN
005 - FECHA Y HORA DE LA ÜLTIMA TRANSACCIÓN
- campo de control: 20211203090527.0
008 - DATOS DE LONGITUD FIJA
- campo de control de longitud fija: 211203|| ac|||abbn | a|a d
040 ## - FUENTE DE CATALOGACIÓN
- Agencia original de catalogación: MX-MxUPN
- Lenguaje de catalogación: spa
- Agencia de transcripción: MX-MxUPN
100 1# - ENCABEZAMIENTO - NOMBRE PERSONAL
- Nombre personal: McTeer, Wilson
670 ## - FUENTE EN LA QUE SE LOCALIZARON DATOS
- Cita de la fuente: El ámbito de la motivación: ambiental, fisiológica, mental, social, 1979:
- Información localizada: portada (Wilson McTeer)
902 ## - CATALOGADOR
- Catalogador: VRC/031221
